Statistics for Largest U.S. Airports in State Capitals

Click here to take the quiz!

General Stats

  • This quiz has been taken 145 times
  • The average score is 8 of 10

Answer Stats

Passengers (2019)Answer% Correct
53,505,795Atlanta
97%
33,592,945Denver
91%
8,683,711Austin
89%
20,699,377Boston
89%
22,433,552Phoenix
83%
6,454,413Sacramento
80%
12,840,841Salt Lake City
68%
9,132,344Nashville
67%
6,919,429Raleigh
62%
9,988,678Honolulu
61%

Score Distribution

Percentile by Number Answered

Percent of People with Each Score

Your Score History

You have not taken this quiz